000 01578aab a2200205 i 4500
001 768714001
003 CO-MdFUSB
005 20240422125237.0
008 221104s1997 ag ||||| |||| 00| 0 spa d
040 _bspa
_cCO-MdFUSB
_dCO-MdFUSB
041 _aspa
100 1 _aCamargo López, Jesús
_eautor
245 1 0 _aLa comunicación de la pareja
_c/ Jesús Camargo López , Carmen Pérez de Camargo
300 _aVolumen 16, número 2 (abril - junio, 1997), páginas: 19 - 21
_c; 27 cm
520 _aLa comunicación en la pareja, al igual que en el resto de la familia, está afectada por los ruidos internos así como por el ambiente en que se genera el desarrollo de la misma(ruidos externos). No hay un método que garantice el exito, ni fórmulas mágicas que solucionen por encanto los problemas de la comunicación. En la BIblia, los conflictos familiares parecen entretejer la historia divina desde el asesinato de Abel a manos de Caín, las disputas familiares de Abraham y Lot, Abraham y Lea, etc. Jesús también entró en conflicto con su madre y hermanos. Una de las fuentes y justificaciones de muchos conflictos en la pareja y en la familia reside en las diferencias que existen de una persona a otra. En el terreno de cómo se aborda la sexualidad desde perspectivas diferentes se puede ahondar más los conflictos y hacerlos más dolorosos.
650 7 _9300
_aMatrimonio
700 1 _aPérez de Camargo, Carmen
_eautor
773 0 _tIglesia y Misión
_049402
_959637
_gVolumen 16, número 2 (abril - junio, 1997), páginas: 19-21
_qPáginas: 19
942 _cANA
999 _c52249
_d52249